A magyar irodalmi szociográfia az 1930-as években
Elmentve itt :
| Szerző: | |
|---|---|
| Dokumentumtípus: | Cikk |
| Megjelent: |
2001
|
| Sorozat: | Iskolakultúra
11 No. 1 |
| Online Access: | http://misc.bibl.u-szeged.hu/40062 |
| LEADER | 00581nab a2200169 i 4500 | ||
|---|---|---|---|
| 001 | misc40062 | ||
| 005 | 20191106140852.0 | ||
| 008 | 180709s2001 hu o 0|| zxx d | ||
| 022 | |a 1215-5233 | ||
| 040 | |a SZTE Miscellanea Repozitórium |b hun | ||
| 041 | |a zxx | ||
| 100 | 2 | |a Fenyő D. György | |
| 245 | 1 | 2 | |a A magyar irodalmi szociográfia az 1930-as években |h [elektronikus dokumentum] / |c Fenyő D. György |
| 260 | |c 2001 | ||
| 300 | |a 16-22 | ||
| 490 | 0 | |a Iskolakultúra |v 11 No. 1 | |
| 856 | 4 | 0 | |u http://misc.bibl.u-szeged.hu/40062/1/EPA00011_iskolakultura_2001_01_016-022.pdf |z Dokumentum-elérés |